|
|
|
|
| LEADER |
00000nab a2200000 a 4500 |
| 001 |
vtls008410591 |
| 003 |
SK-MaSNL |
| 005 |
20260304135327.0 |
| 008 |
250505c2005 xo mr|p|||||||000 b|slo |
| 015 |
|
|
|a SNBRB2005/11
|2 snkbucl
|
| 035 |
|
|
|a (uuid)3d543b47-9089-43ba-971e-e1949b5dd0ec
|
| 035 |
|
|
|a urn:nbn:sk:snk-abvr1
|
| 035 |
|
|
|a (urnnbn)urn:nbn:sk:snk:ar-a04fjj
|
| 038 |
|
|
|a SNKBUCL
|
| 040 |
|
|
|a SNKBUCL
|b slo
|c SNKBUCL
|e AACR2
|
| 041 |
0 |
|
|a slo
|
| 044 |
|
|
|a xo
|c SK
|
| 080 |
|
|
|a 633.2/.3:631.526.3
|2 1997
|
| 080 |
|
|
|a 631.526.3
|2 1997
|
| 100 |
1 |
|
|a Pavlík, Eugen
|4 aut
|9 856913
|
| 245 |
1 |
0 |
|a Novoregistrované odrody ďatelín a tráv v roku 2005
|c Eugen Pavlík ; recenzoval P. Zubal
|
| 300 |
|
|
|b Tab.
|
| 650 |
0 |
7 |
|a ďatelina lúčna
|2 snkbucl
|9 19074
|
| 650 |
0 |
7 |
|a trávy
|2 snkbucl
|9 15080
|
| 650 |
0 |
7 |
|a odrody poľnohospodárskych plodín
|2 snkbucl
|9 29318
|
| 700 |
1 |
|
|a Zubal, Pavel
|4 rev
|9 5384
|
| 773 |
0 |
|
|t Naše pole
|g Roč. 9, č. 8 (2005), s. 38
|x 1335-2466
|
| 850 |
|
|
|a Slovenská národná knižnica
|
| 852 |
|
|
|a Slovenská národná knižnica
|
| 954 |
|
|
|a odborná, vedecká literatúra pôvodná (slovenská)
|2 lita
|
| 958 |
|
|
|a article27
|
| 958 |
|
|
|a OND
|
| 958 |
|
|
|a EUIPO
|
| 999 |
|
|
|c 2910294
|d 2912224
|